| Tag |
First Indicator |
Second Indicator |
Subfields |
| LEADER |
00000nam a2200000 4500 |
| 001 |
in00004212349 |
| 005 |
20200807081313.0 |
| 006 |
m g d |
| 007 |
cr bn |||a|bb| |
| 008 |
920409s1603 enk o 00| | eng d |
| 035 |
|
|
|a (UnM)99851674
|
| 037 |
|
|
|a CL0036000036
|b ProQuest. 789 E. Eisenhower Parkway, Ann Arbor, MI 48108-3218
|
| 040 |
|
|
|a Cu-RivES
|c Cu-RivES
|d CStRLIN
|e dcrb
|d WaOLN
|
| 100 |
1 |
|
|a Dekker, Thomas,
|d ca. 1572-1632.
|
| 240 |
1 |
0 |
|a 1603. The wonderfull yeare
|
| 245 |
1 |
4 |
|a The vvonderfull yeare. 1603 :
|b Wherein is shewed the picture of London, lying sicke of the plague. At the ende of all (like a mery epilogue to a dull play) certaine tales are cut out in sundry fashions, of purpose to shorten the liues of long winters nights, that lye watching in the darke for vs.
|
| 246 |
2 |
|
|a 1603. The wonderfull yeare.
|
| 246 |
2 |
|
|a Wonderfull yeare. 1603.
|
| 260 |
|
|
|a London :
|b Printed by Thomas Creede, and are to be solde in Saint Donstones Church-yarde in Fleet-streete [by N. Ling, J. Smethwick, and J. Browne,
|c 1603?]
|
| 300 |
|
|
|a 1 online resource ([48] pages)
|
| 336 |
|
|
|a text
|b txt
|2 rdacontent
|
| 337 |
|
|
|a computer
|b c
|2 rdamedia
|
| 338 |
|
|
|a online resource
|b cr
|2 rdacarrier
|
| 500 |
|
|
|a By Thomas Dekker.
|
| 500 |
|
|
|a Another edition of "1603. The wonderfull yeare", originally published in 1603.
|
| 500 |
|
|
|a Booksellers' names supplied and publication date conjectured by STC.
|
| 500 |
|
|
|a Signatures: A-F⁴.
|
| 500 |
|
|
|a In this edition the last line of A4v has "Farewell" in roman type.
|
| 500 |
|
|
|a Identified as STC 6534 on UMI microfilm.
|
| 500 |
|
|
|a Reproduction of the original in the Bodleian Library.
|
| 510 |
4 |
|
|a STC (2nd edition)
|c 6535.3.
|
| 533 |
|
|
|a Electronic reproduction.
|b Ann Arbor, Mich. :
|c UMI,
|d 1999-
|f (Early English books online)
|n Digital version of: (Early English books, 1475-1640 ; 1303:12)
|7 s1999 miun s
|
| 650 |
|
0 |
|a Plague
|z England
|z London
|v Early works to 1800.
|
| 651 |
|
4 |
|a London (England)
|x History
|y 17th century
|v Early works to 1800.
|
| 830 |
|
0 |
|a Early English books online.
|
| 856 |
4 |
0 |
|u http://proxy.library.tamu.edu/login?url=https://search.proquest.com/docview/2240923723
|z Connect to the full text of this electronic book
|t 0
|
| 999 |
f |
f |
|s 5040765c-a087-3822-96e3-4378e89f865f
|i 7abca029-bcfc-3ced-834e-db82e058ebb5
|t 0
|
| 952 |
f |
f |
|a Texas A&M University
|b College Station
|c Electronic Resources
|d Available Online
|t 0
|h No information provided
|
| 998 |
f |
f |
|t 0
|l Available Online
|